| 000 | 00447nam a2200169Ia 4500 | ||
|---|---|---|---|
| 003 | GCL | ||
| 008 | 140319s9999 xx 000 0 eng d | ||
| 040 |
_aGCL / _cGCL |
||
| 082 | 0 | 4 |
_a495.682421 _bM L |
| 100 | 1 | _aMIZUTANI, NOBUKO | |
| 245 | 1 | 0 |
_aLET'S LEARN JAPANESE, 1ST ED / _cMIZUTANI, NOBUKO |
| 260 |
_a[S.N] : _bKODANSHA INTERNATIONAL ، _c1993 |
||
| 300 | _a136 P | ||
| 650 | 0 | 4 | _aJAPAN - LANGUAGE |
| 650 | 0 | 4 | _aLANGUAGES |
| 942 |
_2ddc _cBK |
||
| 999 |
_c20794 _d20794 |
||